000 00699nam a2200289Ia 4500
005 20260324141147.0
008 008 260324s9999 xx 000 0 eng d
020 _a9781351179362
037 _aEBOOK
040 _aCRL
040 _beng
040 _cCRL
041 _2eng
041 _aeng
084 _qCRL
100 _aReid Ewing
_91176655
245 0 _aTransportation & Land Use Innovations
245 0 _bWhen you can't pave your way out of congestion
260 _bTaylor and Francis
260 _c1997
365 _a
365 _b230
856 _uhttp://www.taylorfrancis.com/books/9781351179362
942 _cEBOOK
999 _c1809940
_d1809940